| 000 | 00971cam a2200265 a 4500 | ||
|---|---|---|---|
| 001 | 015611743 | ||
| 003 | Uk | ||
| 005 | 20101123150813.0 | ||
| 008 | 100723s2010 ohua 001 0 eng|d | ||
| 020 | _a1439040443 | ||
| 020 | _a9781439040447 | ||
| 082 | 0 | 4 |
_a337 _222 _bCAR |
| 100 | 1 |
_aCarbaugh, Robert J., _d1946- _930293 |
|
| 245 | 1 | 0 |
_aGlobal Economics / _cby Robert Carbaugh. |
| 250 | _a13th ed., International ed. | ||
| 260 |
_aMason, Ohio : _bSouth-Western ; _aAndover : _bCengage Learning [distributor], _c2011. |
||
| 300 |
_axx, 602 p. : _bcol. ill. ; _c25 cm. |
||
| 500 | _aIncludes index. | ||
| 500 | _aRev. ed. of: International economics. 2005. | ||
| 650 | 0 |
_aInternational economic relations. _930294 |
|
| 653 |
_bEco _cJune2012 |
||
| 700 | 1 |
_aCarbaugh, Robert J., _d1946- _tInternational economics. _930295 |
|
| 942 |
_2ddc _cBB |
||
| 999 |
_c16809 _d16809 |
||